LEADER 01242nam a2200265 a 4500 001 000000158418 003 CaOOAMICUS 005 20170131111018.0 008 170131s1949 it m 001 u ita r 032 $aLibriCat 040 $aPUL$bita 100 1 $aCattani, Luigi.$0(OLS)http://pul/name/12741 245 13$aIl metodo teologico di Giovanni Maldonado nella sua teoria della predestinazione / $cLuigi Cattani. 260 $aRoma :$bPontificia Universitā Gregoriana,$c1949. 300 $a72 p. ;$c24 cm. 502 $aEstratto di Tesi -- Pontificia Universitas Gregoriana. Facultas Theologiae.1949. 504 $aBibliografia in nota a pič pagina. 600 14$aMaldonado, Juan,$cS.I.,$d1534-1583.$0(OLS)http://pul/subject/8985 710 2 $aPontificia Universitā Gregoriana.$bFacoltā di teologia.$kTesi.$0(OLS)http://pul/name/81592 850 $aPUL 852 $aPUL$W1$xDP1 Tesi Pon. Univ. Gregoriana$y40$mTH PUG 530$j181742$qTesi$B184900$CPULBib$Z2$F184900 $82 941 1 $a16 996 $6245$aIl metodo teologico di Giovanni Maldonado nella sua teoria della predestinazione / $9(OLS)http://pul/title/198039 996 $6260$aRoma :$bPontificia Universitā Gregoriana$9(OLS)http://pul/publisher/47853 LEADER 01317namaa2200313 i 4500 001 000000178508 003 CaOOAMICUS 005 20260217123308.0 007 tu 008 260217s1993 it 000 u ita r 040 $aPUL$bita$erda 082 0 $a340.09 100 1 $aBellomo, Manlio,$d1933-,$eautore.$0(OLS)http://pul/name/6671 245 10$aSocietā e istituzioni in Italia dal Medioevo agli inizi dell'Etā Moderna /$cManlio Bellomo. 250 $a6. edizione 264 1$aRoma :$bIl Cigno Galileo Galilei Edizioni di Arte e Scienza,$c[1993] 300 $a558 pagine ;$c25 cm 336 $atesto$btxt$2rdacontent 337 $asenza mediazione$bn$2rdamedia 338 $avolume$bnc$2rdacarrier 504 $aBibliografia in nota a pič pagina. 650 4$aDiritto$zItalia$xStoria.$0(OLS)http://pul/subject/5768 850 $aPUL 852 $aPUL$W1$xDP1 Fondo Liberati$y125$m5 E 7$j41783$qFondi$B207633$CPULBib$Z2$F207633 $HLib102 $82 941 1 $a1 996 $6082$a340.09$9(OLS)http://pul/classification/1829 996 $6245$aSocietā e istituzioni in Italia dal Medioevo agli inizi dell'Etā Moderna$9(OLS)http://pul/title/90764 996 $6264$aRoma :$bIl Cigno Galileo Galilei Edizioni di Arte e Scienza$9(OLS)http://pul/publisher/51339